[Event "Mumbai Wealth op U13 4th"]
[Site "Mumbai"]
[Date "2019.01.07"]
[Round "9"]
[White "Arjun, Kumar Sharma"]
[Black "Haldankar, Dhruv"]
[Result "1/2-1/2"]
[WhiteElo "1428"]
[BlackElo "1245"]
[PlyCount "85"]
[EventDate "2018.12.30"]
[EventType "swiss"]
[EventRounds "9"]
[EventCountry "IND"]
[SourceTitle "CBM 188 Extra"]
[Source "ChessBase"]
[SourceDate "2019.02.28"]
[SourceVersion "1"]
[SourceVersionDate "2019.02.28"]
[SourceQuality "1"]

1. e4 e5 2. Nf3 Nc6 3. d4 exd4 4. Bc4 Bc5 5. Ng5 Nh6 6. Qh5 Qe7 7. Nxf7 Bb4+ 8. c3 Nxf7 9. cxb4 Qxb4+ 10. Nd2 Nce5 11. Bxf7+ Nxf7 12. a3 Qe7 13. 0-0 0-0 14. b4 d6 15. Bb2 c5 16. Rac1 b6 17. f4 Ba6 18. Rfe1 Qf6 19. g3 Rfe8 20. e5 dxe5 21. Ne4 Qg6 22. Qxg6 hxg6 23. bxc5 exf4 24. Bxd4 fxg3 25. hxg3 Rad8 26. cxb6 axb6 27. Bxb6 Ra8 28. Bc5 Ne5 29. Ng5 Nd3 30. Rxe8+ Rxe8 31. Rc3 Re5 32. Bd4 Rxg5 33. Rc7 Ne5 34. Kf2 Nf7 35. Ra7 Ra5 36. Ra8+ Kh7 37. Ra7 Kg8 38. Ra8+ Kh7 39. Ra7 Kg8 40. Ra8+ Kh7 41. Ra7 Kg8 42. Ra8+ Kh7 43. Ra7 1/2-1/2

[Event "Mumbai Wealth op U13 4th"]
[Site "Mumbai"]
[Date "2019.01.06"]
[Round "8"]
[White "Potawad, Anirudhha"]
[Black "Arjun, Kumar Sharma"]
[Result "1-0"]
[WhiteElo "1849"]
[BlackElo "1428"]
[PlyCount "91"]
[EventDate "2018.12.30"]
[EventType "swiss"]
[EventRounds "9"]
[EventCountry "IND"]
[SourceTitle "CBM 188 Extra"]
[Source "ChessBase"]
[SourceDate "2019.02.28"]
[SourceVersion "1"]
[SourceVersionDate "2019.02.28"]
[SourceQuality "1"]

1. e4 c5 2. Nf3 e6 3. d4 cxd4 4. Nxd4 a6 5. Nc3 Qc7 6. Bd3 Nf6 7. 0-0 b5 8. a3 Bb7 9. Qe2 Be7 10. Kh1 0-0 11. f4 d6 12. Be3 Nbd7 13. Bg1 Rac8 14. Nb3 Nc5 15. Rac1 Rfd8 16. Nxc5 dxc5 17. e5 Nd5 18. Nxd5 Bxd5 19. c4 bxc4 20. Bxc4 Bxc4 21. Rxc4 Qb7 22. f5 exf5 23. Rxf5 g6 24. Rf1 Bf8 25. Rcf4 Rc7 26. e6 f5 27. Bf2 Re8 28. Qc4 Qb5 29. e7+ Qxc4 30. exf8Q+ Kxf8 31. Rxc4 Re2 32. Bxc5+ Kf7 33. b4 Rd7 34. g4 Rdd2 35. Bg1 Kf6 36. gxf5 gxf5 37. Rc6+ Kg5 38. Rxa6 f4 39. Ra8 Kg4 40. Rg8+ Kh3 41. Rf3+ Kh4 42. Rxf4+ Kh5 43. Rf7 h6 44. b5 Ra2 45. b6 Reb2 46. b7 1-0

[Event "Mumbai Wealth op U13 4th"]
[Site "Mumbai"]
[Date "2019.01.04"]
[Round "6"]
[White "Bhagyashree, Patil"]
[Black "Arjun, Kumar Sharma"]
[Result "1-0"]
[WhiteElo "1758"]
[BlackElo "1428"]
[PlyCount "95"]
[EventDate "2018.12.30"]
[EventType "swiss"]
[EventRounds "9"]
[EventCountry "IND"]
[SourceTitle "CBM 188 Extra"]
[Source "ChessBase"]
[SourceDate "2019.02.28"]
[SourceVersion "1"]
[SourceVersionDate "2019.02.28"]
[SourceQuality "1"]

1. e4 c5 2. Nf3 e6 3. d4 cxd4 4. Nxd4 a6 5. Be3 Nf6 6. Nd2 Qc7 7. Be2 Be7 8. 0-0 d6 9. c4 b6 10. f3 Bb7 11. b4 0-0 12. Rc1 Nc6 13. a3 Rac8 14. Qe1 Rfd8 15. Qf2 Nxd4 16. Bxd4 Nd7 17. Nb3 Bf6 18. Rc2 Bxd4 19. Nxd4 Ne5 20. Rfc1 Ng6 21. Nb3 Bc6 22. Rc3 Qb7 23. g3 d5 24. exd5 exd5 25. c5 Ba4 26. Nd4 Ne5 27. Qf1 b5 28. Qf2 Nc6 29. f4 Nxd4 30. Qxd4 Qc6 31. Bf3 Rc7 32. Re1 h6 33. Re5 Rcd7 34. Kf2 Kh8 35. Ke1 f6 36. Re2 Rc7 37. Rce3 a5 38. Bh5 f5 39. Re6 Qb7 40. Re8+ Rxe8 41. Rxe8+ Kh7 42. Qe5 Rf7 43. Bxf7 Qxf7 44. Re7 Qg6 45. c6 Qg4 46. Qxg7+ Qxg7 47. Rxg7+ Kxg7 48. c7 1-0

[Event "Mumbai Wealth op U13 4th"]
[Site "Mumbai"]
[Date "2018.12.31"]
[Round "2"]
[White "Kadam, Om Manish"]
[Black "Arjun, Kumar Sharma"]
[Result "1-0"]
[WhiteElo "1944"]
[BlackElo "1428"]
[PlyCount "61"]
[EventDate "2018.12.30"]
[EventType "swiss"]
[EventRounds "9"]
[EventCountry "IND"]
[SourceTitle "CBM 188 Extra"]
[Source "ChessBase"]
[SourceDate "2019.02.28"]
[SourceVersion "1"]
[SourceVersionDate "2019.02.28"]
[SourceQuality "1"]

1. e4 c5 2. Nf3 e6 3. d4 cxd4 4. Nxd4 a6 5. Nc3 Qc7 6. Bd3 Nf6 7. Nb3 b5 8. a3 Bb7 9. Be3 Be7 10. f4 d6 11. Qe2 Nbd7 12. 0-0 0-0 13. Rad1 Nc5 14. Nxc5 dxc5 15. e5 Nd5 16. Nxd5 Bxd5 17. c4 Bxc4 18. Bxc4 bxc4 19. Qxc4 Rab8 20. b4 Rfc8 21. Rc1 Rb5 22. Rc2 Qb6 23. Rfc1 a5 24. bxc5 Bxc5 25. Kh1 h6 26. a4 Rb4 27. Qe2 Bxe3 28. Rxc8+ Kh7 29. Qd3+ g6 30. Qd7 Rxf4 31. Qe8 1-0